103_ Personnalités nées un 13 avril par images - Statistiques

Statistiques générales
  • Ce quiz a été pris 28 fois
  • Le résultat moyen est 3 sur 12
Statistiques - réponses
Par images Hint Réponse % Correct
Première Dame Brigitte Macron
100%
Dirigeant Politique Thomas Jefferson
36%
Joueur d'échecs Garry Kasparov
32%
Compositeur Vladimir Cosma
29%
Dirigeante Politique Catherine de Médicis
21%
Actrice Jeanne Balibar
21%
Acteur Ron Perlman
11%
Écrivain Samuel Beckett
7%
Skieuse Chloé Trespeuch
4%
Militante Josephine Butler
4%
Actrice Agostina Belli
0%
Chanteur Al Green
0%
Aucun quiz correspondant
Distribution des résultats
% des personnes avec chaque résultat
Percentile par nombre de réponses
Votre historique - résultats
Vous n’avez pas pris ce quiz